[Event "ch-PER 2017"]
[Site "masterchessopen.com Lima PER"]
[Date "2017.03.03"]
[Round "5.31"]
[White "Noriega,Miguel"]
[Black "Villacorta Puchoc,Alfonso Alejandro"]
[Result "1-0"]
[WhiteElo "1913"]
[BlackElo "1567"]

1.e4 c5 2.d4 cxd4 3.c3 dxc3 4.Nxc3 g6 5.Bc4 Bg7 6.Nf3 d6 7.e5 Qc7 8.Qb3 e6
9.Nb5 Qd7 10.Nxd6+ Kf8 11.O-O Ne7 12.Nxf7 Nbc6 13.Nxh8 Bxh8 14.Bh6+ Bg7
15.Bxg7+ Kxg7 16.Rad1 Qc7 17.Qa3 Nf5 18.Bd3 Bd7 19.Bxf5 gxf5 20.Qd6 Qxd6
21.Rxd6 Rd8 22.Rfd1 Nb8 23.Ng5 Kg8 24.Nxe6 Re8 25.Nc5 Bb5 26.a4 Bc6 27.Rd8 Kf7
28.Rxe8 Kxe8 29.a5 b6 30.axb6 axb6 31.Ne6 Ke7 32.Nd4 Bd7 33.Ra1 Nc6 34.Nxc6+
Bxc6 35.Ra7+ Ke6 36.f4 h5 37.Ra6 {#r} 1-0

[Event "ch-PER 2017"]
[Site "masterchessopen.com Lima PER"]
[Date "2017.03.03"]
[Round "5.32"]
[White "Cornelio Argumedo,Yamil"]
[Black "Francia Arzapalo,Piero Hernando"]
[Result "1-0"]
[WhiteElo "1872"]
[BlackElo "1556"]

1.d4 Nf6 2.Bg5 Ne4 3.Bf4 d6 4.f3 Nf6 5.Nc3 g6 6.Qd2 Bg7 7.O-O-O Nbd7 8.e4 O-O
9.e5 Ne8 10.Bh6 Nb6 11.Bxg7 Nxg7 12.Bd3 Bf5 13.Bxf5 Nxf5 14.g4 Ng7 15.Qh6 d5
16.f4 Qd7 17.f5 gxf5 18.Nf3 Qe6 19.Qh4 Kh8 20.Ne2 h5 21.Nf4 Qh6 22.g5 Qh7
23.Rdg1 e6 24.Rg3 Nc8 25.Rhg1 Ne7 26.g6 Qh6 27.Kd1 Rae8 28.gxf7 Rxf7 29.Ng5
Rff8 30.Ngxe6 Nxe6 31.Nxe6 Rf7 32.Rg5 Rh7 33.Nxc7 Rc8 34.Nb5 Qc6 35.Nc3 Qh6
36.Ne2 b5 37.Nf4 Qc6 38.c3 Qe8 39.Rxh5 Rxh5 40.Qf6+ Kh7 41.Qg7# 1-0

[Event "ch-PER 2017"]
[Site "masterchessopen.com Lima PER"]
[Date "2017.03.03"]
[Round "5.33"]
[White "Perez,Hernan"]
[Black "Jose,G"]
[Result "0-1"]
[WhiteElo "1542"]
[BlackElo "1861"]

1.d4 Nf6 2.c4 e6 3.Nf3 b6 4.Nc3 Bb4 5.Qb3 Qe7 6.Bg5 Bb7 7.Bxf6 gxf6 8.a3 Bxc3+
9.Qxc3 d6 10.Rc1 Nd7 11.g3 h5 12.h4 Rg8 13.b4 a5 14.Bg2 axb4 15.axb4 c5
16.dxc5 dxc5 17.b5 Qd6 18.Rd1 Qc7 19.O-O Ke7 20.Ne1 Ra2 21.Bxb7 Qxb7 22.Nf3
Qe4 23.Qd3 Qxd3 24.Rxd3 Rga8 25.Rfd1 R8a7 26.R3d2 Rxd2 27.Nxd2 Ne5 28.Kf1 Ra2
29.f4 Ng4 30.Ke1 Ra3 31.Ne4 Ne3 32.Rc1 Nf5 33.Kf2 Ne3 34.Nd2 Ng4+ 35.Kg2 Ra2
36.Nb3 Rxe2+ 37.Kg1 Re3 38.Rb1 Rxg3+ 39.Kh1 Ne3 40.Kh2 Rg4 41.Rc1 Rxf4 42.Na1
Rxh4+ 43.Kg3 Rxc4 44.Rxc4 Nxc4 45.Nb3 Na3 46.Nd2 f5 47.Kh4 c4 48.Kxh5 c3
49.Nb3 Nxb5 {#R} 0-1

[Event "ch-PER 2017"]
[Site "masterchessopen.com Lima PER"]
[Date "2017.03.03"]
[Round "5.34"]
[White "Villanueva Valiente,Geordy"]
[Black "Perez,Christopher"]
[Result "0-1"]
[WhiteElo "1542"]
[BlackElo "1851"]

1.e4 c6 2.d4 d5 3.Nc3 dxe4 4.Nxe4 Bf5 5.Ng3 Bg6 6.Nf3 Nd7 7.h4 h6 8.h5 Bh7
9.Bd3 Bxd3 10.Qxd3 e6 11.Bf4 Qa5+ 12.Bd2 Qc7 13.O-O-O Ngf6 14.Rhe1 Be7 15.Qe2
O-O 16.Ne5 Rad8 17.Ne4 Nxe4 18.Qxe4 Nf6 19.Qe3 c5 20.Qg3 Rxd4 21.Bxh6 Nxh5
22.Qf3 Rxd1+ 23.Kxd1 gxh6 24.Qxh5 Bg5 25.Re4 Qd6+ 26.Ke1 Qd2+ 27.Kf1 Qxc2
28.Re2 Qd1+ {#R} 0-1

[Event "ch-PER 2017"]
[Site "masterchessopen.com Lima PER"]
[Date "2017.03.03"]
[Round "5.39"]
[White "Enriquez,M"]
[Black "Arevalo Perez,Luis Alexander"]
[Result "1-0"]
[WhiteElo "2020"]
[BlackElo "1458"]

1.d4 d5 2.e3 e6 3.f4 Nf6 4.Bd3 c5 5.c3 Nc6 6.Nf3 Be7 7.O-O O-O 8.Nbd2 Ng4
9.Qe2 f5 10.Ne5 Ncxe5 11.fxe5 Bg5 12.Nf3 c4 13.Bc2 Bd7 14.h3 Nh6 15.Nxg5 Qxg5
16.e4 f4 17.Rf3 Bc6 18.Bd2 Qh4 19.exd5 Bxd5 20.Be4 Nf5 21.Bxd5 exd5 22.Rxf4
Ng3 23.Rxh4 Nxe2+ 24.Kh2 Rf7 25.Re1 {#r} 1-0

[Event "ch-PER 2017"]
[Site "masterchessopen.com Lima PER"]
[Date "2017.03.03"]
[Round "5.40"]
[White "Tasayco,A"]
[Black "Varillas Jimenez,Ivan"]
[Result "1-0"]
[WhiteElo "1879"]
[BlackElo "1397"]

1.e4 c5 2.d3 Nc6 3.Nd2 Nf6 4.Ngf3 d6 5.g3 g6 6.Bg2 Bg7 7.O-O O-O 8.a4 Qc7
9.Re1 e6 10.Nc4 Bd7 11.c3 Rac8 12.a5 Rfd8 13.Qb3 e5 14.Bd2 Be6 15.Qa4 Bxc4
16.dxc4 Ne7 17.h3 h6 18.Nh2 Nh7 19.Ng4 h5 20.Ne3 Nf6 21.Nd5 Nfxd5 22.cxd5 Qd7
23.Qc2 f5 24.Bg5 Re8 25.h4 Kh7 26.Bh3 Rf8 27.Bxe7 Qxe7 28.exf5 gxf5 29.Bxf5+
Kg8 30.Bxc8 Rxc8 31.Qf5 Rf8 32.Qxh5 Qf6 33.Re2 {#r} 1-0

[Event "ch-PER 2017"]
[Site "masterchessopen.com Lima PER"]
[Date "2017.03.03"]
[Round "5.41"]
[White "Cutimbo Chavez,Jose Luis"]
[Black "Travezano Patino,Eduard Gedeon"]
[Result "1-0"]
[WhiteElo "1874"]
[BlackElo "1346"]

1.e4 c5 2.Nf3 Nc6 3.Bb5 g6 4.O-O Bg7 5.c3 Nf6 6.e5 Nd5 7.d4 cxd4 8.cxd4 O-O
9.Bc4 Nb6 10.Bb3 d6 11.e6 Bxe6 12.Bxe6 fxe6 13.Nc3 Qd7 14.Re1 Kh8 15.Be3 Rac8
16.b3 Nb4 17.Rc1 N4d5 18.Nxd5 Nxd5 19.Bd2 Rxc1 20.Qxc1 Rc8 21.Qb1 Bf6 22.Qe4
Nc3 23.Qg4 Nxa2 24.d5 Rc5 25.dxe6 Qc8 26.Bg5 Bxg5 27.Nxg5 Rc1 28.Nf7+ Kg8
29.Nh6+ Kg7 30.Qd4+ Kxh6 31.Qh4+ Kg7 32.Qxe7+ Kh6 33.Rf1 Rxf1+ 34.Kxf1 Qc1+
35.Ke2 Qc2+ 36.Kf3 Qd3+ 37.Kg4 Qf5+ 38.Kg3 Qd3+ 39.f3 Qf5 40.f4 Qd3+ 41.Kh4
Qf5 42.Kg3 Qd3+ 43.Kf2 Qd2+ 44.Kg3 Qe3+ 45.Kg4 Qe2+ 46.Kh3 Qe3+ 47.g3 Qe4
48.Qg5+ Kg7 49.Qe7+ Kh6 50.Qf8+ Kh5 51.g4# 1-0

[Event "ch-PER 2017"]
[Site "masterchessopen.com Lima PER"]
[Date "2017.03.03"]
[Round "5.43"]
[White "Carrillo Jaramillo,Jhosmer"]
[Black "Hepler Ramirez,Narayana"]
[Result "0-1"]
[WhiteElo "1505"]
[BlackElo "1759"]

1.e4 c5 2.Nf3 d6 3.d4 cxd4 4.Nxd4 Nf6 5.Nc3 a6 6.f3 e5 7.Nb3 Be6 8.Be3 Be7
9.Qd2 Nbd7 10.O-O-O h5 11.Qf2 b5 12.Kb1 Qc7 13.Be2 Rc8 14.Rd2 Rb8 15.Rg1 Nb6
16.Bxb6 Rxb6 17.Nd5 Bxd5 18.exd5 Rb8 19.Qe3 a5 20.g4 a4 21.Na1 hxg4 22.fxg4
Qb6 23.Qxb6 Rxb6 24.Rg2 Rh3 25.g5 Ne4 26.Rd3 Rxd3 27.Bxd3 Nxg5 28.h4 Nf3
29.Rxg7 Nxh4 30.c3 b4 31.cxb4 Rxb4 32.Nc2 Rf4 33.Bb5+ Kf8 34.Rg3 Nf5 35.Ra3
Nd4 36.Nxd4 Rxd4 37.Rxa4 Rxd5 38.Bc4 Rd4 39.Ra8+ Kg7 40.Be2 Rd2 41.Bf3 f5
42.a4 e4 43.Bh5 Bf6 44.Rb8 Kh6 45.Bf7 e3 46.Bc4 d5 47.Bb5 {#R} 0-1

[Event "ch-PER 2017"]
[Site "masterchessopen.com Lima PER"]
[Date "2017.03.03"]
[Round "5.44"]
[White "Cuevas Cupe,Juan Diego"]
[Black "Espinal Valles Alfredo Enmanuel"]
[Result "0-1"]
[WhiteElo "1296"]
[BlackElo "1636"]

1.e4 e5 2.Nf3 Nf6 3.d3 Nc6 4.Bg5 h6 5.Bh4 Bc5 6.Nc3 d6 7.Nd5 g5 8.Nxf6+ Qxf6
9.Bg3 Be6 10.h4 g4 11.Nd2 O-O-O 12.Nb3 Bb6 13.Qe2 d5 14.exd5 Rxd5 15.O-O-O Nd4
16.Nxd4 exd4 17.Re1 Rg8 18.Bh2 Ba5 19.Be5 Qf5 20.c4 Rdd8 21.Rd1 Rge8 22.Bg3
Bxc4 23.Qc2 Bd5 24.b4 Re6 25.Qa4 Rc6+ 26.Kd2 Bb6 27.Rg1 Rc3 28.Be2 Bc6 29.b5
Bxb5 30.Qb4 Bxd3 {#R} 0-1

[Event "ch-PER 2017"]
[Site "masterchessopen.com Lima PER"]
[Date "2017.03.03"]
[Round "5.46"]
[White "Araoz Andrade,Ivan Alexander"]
[Black "Guillen Vilca,John"]
[Result "1-0"]
[WhiteElo "1624"]
[BlackElo "1363"]

1.d4 d5 2.c4 e6 3.Nc3 c5 4.cxd5 exd5 5.dxc5 Bxc5 6.Nxd5 Be6 7.Nc3 Qb6 8.e3 Nc6
9.Nf3 Rd8 10.Qc2 Nge7 11.Bb5 a6 12.Bxc6+ Nxc6 13.O-O Qc7 14.Ng5 Qe5 15.Nce4
Be7 16.Nxe6 Qxe6 17.Bd2 O-O 18.a3 Rd5 19.Bc3 f5 20.Ng3 Bd6 21.e4 fxe4 22.Nxe4
Bc7 23.Rae1 Qh6 24.Ng3 Bxg3 25.fxg3 Rxf1+ 26.Rxf1 Qe3+ 27.Kh1 Nd4 28.Bxd4 Qxd4
29.Qc8+ Rd8 30.Qxb7 Qd1 31.Qf7+ Kh8 32.h4 Qd6 33.g4 h6 34.g5 hxg5 35.hxg5 g6
36.Qf6+ Qxf6 37.Rxf6 Rd2 38.Rxg6 Rxb2 39.Rxa6 {#r} 1-0

[Event "ch-PER 2017"]
[Site "masterchessopen.com Lima PER"]
[Date "2017.03.03"]
[Round "5.55"]
[White "Caja Ramirez,Angelo Gregory"]
[Black "Tomey,Hidetoshi"]
[Result "1-0"]
[WhiteElo "1404"]
[BlackElo "1279"]

1.e4 e6 2.d4 d5 3.Nc3 Bb4 4.e5 Bxc3+ 5.bxc3 Ne7 6.f4 Nf5 7.Nf3 f6 8.Ba3 Ne3
9.Qd2 Nxf1 10.Rxf1 b6 11.g4 Ba6 12.Rg1 Nc6 13.f5 Bc8 14.Qf4 Na5 15.Nd2 fxe5
16.Qxe5 Rg8 17.O-O-O Nc6 18.Qf4 Rf8 19.Bxf8 Kxf8 20.fxe6+ Ke8 21.Qf7# 1-0

[Event "ch-PER 2017"]
[Site "masterchessopen.com Lima PER"]
[Date "2017.03.03"]
[Round "6.2"]
[White "Leiva,G"]
[Black "Cruz,Cr"]
[Result "1-0"]
[WhiteElo "2404"]
[BlackElo "2565"]

1.d4 Nf6 2.c4 e6 3.Nf3 Bb4+ 4.Nbd2 b6 5.a3 Bxd2+ 6.Qxd2 Bb7 7.e3 O-O 8.Be2 d6
9.O-O Nbd7 10.b4 Ne4 11.Qc2 f5 12.Bb2 Qe7 13.Rad1 Ndf6 14.d5 e5 15.Ne1 Ng5
16.f4 exf4 17.exf4 Qe3+ 18.Kh1 Nge4 19.Bd4 Qxa3 20.Nd3 Nxd5 21.cxd5 Bxd5
22.Qxc7 Rf7 23.Qc1 Qa6 24.Qb2 Qb7 25.Ne1 Re8 26.Bf3 Rfe7 27.Nc2 a5 28.Ne3 Be6
29.bxa5 bxa5 30.Qa1 Ra8 31.Rb1 Qd7 32.Bxe4 {#r} 1-0

[Event "ch-PER 2017"]
[Site "masterchessopen.com Lima PER"]
[Date "2017.03.03"]
[Round "6.6"]
[White "Rengifo Blancas,Renzo Jhonathan"]
[Black "Cori Quispe,Kevin Joel"]
[Result "0-1"]
[WhiteElo "2221"]
[BlackElo "2373"]

1.e4 c5 2.c3 d6 3.d4 Nf6 4.Bd3 e5 5.dxe5 dxe5 6.Bb5+ Bd7 7.Bxd7+ Nbxd7 8.Nd2
Be7 9.Ngf3 O-O 10.O-O Qc7 11.a4 c4 12.Nh4 g6 13.Qe2 Rac8 14.g3 Qa5 15.Nxc4 Qa6
16.b3 Nc5 17.Ba3 Nfxe4 18.Ng2 Rfe8 19.Bxc5 Nxc5 20.Qa2 e4 21.Nge3 Bf8 22.b4
Nd3 23.f3 Bg7 24.fxe4 Bxc3 25.Rad1 Bd4 26.Kh1 Qe6 27.Qg2 Bxe3 28.Nxe3 Nxb4
29.e5 Re7 30.Qe4 Qc6 31.Nd5 Nxd5 32.Rxd5 Rce8 33.Qf3 Rxe5 34.Qxf7+ Kh8 35.Rd1
Rxd5 36.Rxd5 Rd8 {#R} 0-1

[Event "ch-PER 2017"]
[Site "masterchessopen.com Lima PER"]
[Date "2017.03.03"]
[Round "6.7"]
[White "Cuellar,Di"]
[Black "Romero Guimaray,Diego"]
[Result "1-0"]
[WhiteElo "2346"]
[BlackElo "1898"]

1.e4 Nc6 2.Nf3 g6 3.d4 d6 4.c3 Bg7 5.Bc4 Nf6 6.Qe2 O-O 7.O-O a6 8.e5 Ne8 9.h3
d5 10.Bb3 Na5 11.Bc2 Bd7 12.Re1 Qc8 13.Nbd2 Bb5 14.Qd1 f5 15.a4 Bd7 16.b4 Nc6
17.Nb3 Be6 18.Qe2 h6 19.h4 a5 20.b5 Nd8 21.Nc5 b6 22.Nxe6 Nxe6 23.Bb3 c6 24.c4
cxb5 25.axb5 Kh7 26.h5 g5 27.cxd5 Qc3 28.Ra3 Nxd4 29.Nxd4 Qxd4 30.Ra4 Qc3
31.Bc4 Qd4 32.Bb3 Qc3 33.Bc4 Qd4 34.Bb2 Qh4 35.d6 e6 36.g3 Qe4 37.Qd1 Qg4
38.Qxg4 fxg4 39.Ba3 Bh8 40.Bxe6 Ng7 41.Bxg4 {#r} 1-0

[Event "ch-PER 2017"]
[Site "masterchessopen.com Lima PER"]
[Date "2017.03.03"]
[Round "6.8"]
[White "Garcia Benavides,O"]
[Black "Fernandez,Fe"]
[Result "0-1"]
[WhiteElo "2084"]
[BlackElo "2410"]

1.e4 c5 2.Nf3 d6 3.c3 Nf6 4.Be2 Bd7 5.e5 dxe5 6.Nxe5 Nc6 7.Nxd7 Qxd7 8.O-O e6
9.d3 Be7 10.Qa4 O-O 11.Qh4 Rfd8 12.Bg5 h6 13.Be3 Nd5 14.Qh5 Nxe3 15.fxe3 Bg5
16.Qh3 Qc7 17.Na3 Rd7 18.Rf2 a6 19.Raf1 Rf8 20.Rd1 b5 21.d4 Ne7 22.Nc2 Nd5
23.Rdf1 Rdd8 24.Qf3 e5 25.e4 Ne7 26.d5 g6 27.c4 Qb6 28.Qc3 Nc8 29.Bd3 Nd6
30.b3 Rde8 31.g3 h5 32.h4 Bh6 33.Rf6 Bg7 34.Rxd6 Qxd6 35.cxb5 axb5 36.Bxb5 Ra8
37.a4 f5 38.Bc6 Rab8 39.Ne3 fxe4 40.Bb5 Rf3 41.Kg2 Rbf8 42.Be2 Rxf1 43.Nxf1
Kh7 44.Qc4 Qf6 45.Qxe4 Qf2+ 46.Kh3 Qe1 47.Qd3 e4 48.Qc4 Rxf1 49.Bxf1 Be5 {#R}
0-1

[Event "ch-PER 2017"]
[Site "masterchessopen.com Lima PER"]
[Date "2017.03.03"]
[Round "6.9"]
[White "Izquierdo,Elias Alberto"]
[Black "Escalante Ramirez,Brian Sebasti"]
[Result "0-1"]
[WhiteElo "2108"]
[BlackElo "2313"]

1.d4 f5 2.Nf3 g6 3.g3 Nf6 4.Bg2 Bg7 5.O-O O-O 6.c4 d6 7.b3 h6 8.Bb2 g5 9.d5 c5
10.Nc3 Qe8 11.Qc2 Qh5 12.e4 Nxe4 13.Nxe4 Bxb2 14.Qxb2 fxe4 15.Nd2 Nd7 16.Nxe4
g4 17.Nd2 Ne5 18.Qc3 Bf5 19.f4 gxf3 20.Nxf3 Ng6 21.Rae1 a5 22.Re3 Rf7 23.Nh4
Nxh4 24.gxh4 b6 25.Rg3+ Kh7 26.Qe3 Raf8 27.Rgf3 Kh8 28.Rf4 Rg7 29.Kh1 Rf6
30.Be4 Bxe4+ 31.Qxe4 Qxh4 32.Qe3 Qg5 {#R} 0-1

[Event "ch-PER 2017"]
[Site "masterchessopen.com Lima PER"]
[Date "2017.03.03"]
[Round "6.10"]
[White "Requejo,O"]
[Black "Flores Tomasto,Luis"]
[Result "0-1"]
[WhiteElo "2254"]
[BlackElo "1974"]

1.d4 Nf6 2.c4 e6 3.Nf3 d5 4.Nc3 Be7 5.Bg5 O-O 6.e3 Nbd7 7.Bd3 dxc4 8.Bxc4 a6
9.a4 c5 10.O-O h6 11.Bxf6 Nxf6 12.d5 Qb6 13.a5 Qc7 14.dxe6 Bxe6 15.Bxe6 fxe6
16.Qe2 Nd5 17.Rfd1 Nxc3 18.bxc3 Bf6 19.Qc4 Kf7 20.Nd2 Rfd8 21.Qb3 Rd3 22.Nc4
Rxc3 23.Nd6+ Ke7 24.Qa4 Rd8 25.Ne4 Rcd3 26.Rxd3 Rxd3 27.Rc1 Rd5 28.Qa3 Kf7
29.Nxc5 Qd6 30.Qb3 Rxc5 31.Rxc5 Qxc5 32.Qxb7+ Ke8 33.Qxa6 Qc1+ 34.Qf1 Qxf1+
35.Kxf1 Kd7 36.f4 Kc6 37.e4 e5 38.Ke2 exf4 39.Kf3 Be5 40.Kg4 g6 41.h4 Kb5
42.h5 g5 43.Kf5 Bg7 44.e5 Kxa5 45.e6 Bf8 46.Kg6 g4 47.Kf7 Bd6 48.e7 Bxe7
49.Kxe7 f3 50.gxf3 gxf3 {#R} 0-1

[Event "ch-PER 2017"]
[Site "masterchessopen.com Lima PER"]
[Date "2017.03.03"]
[Round "6.15"]
[White "Gomez Huaraya,Jesus Miguel"]
[Black "Pacheco,G"]
[Result "1-0"]
[WhiteElo "1904"]
[BlackElo "2224"]

1.d4 Nf6 2.c4 g6 3.Nc3 Bg7 4.e4 d6 5.f3 a6 6.Be3 c6 7.Bd3 e5 8.d5 O-O 9.g4 b5
10.Nge2 cxd5 11.cxd5 Bxg4 12.fxg4 Nxg4 13.Qd2 Qh4+ 14.Ng3 Nxe3 15.Qxe3 f5
16.exf5 gxf5 17.Qf2 e4 18.Be2 b4 19.Nd1 Nd7 20.O-O Ne5 21.Nxf5 Qg5+ 22.Kh1 Rf7
23.Nde3 Raf8 24.Qg3 Rxf5 25.Nxf5 Rxf5 26.Qxg5 Rxg5 27.Rac1 h6 28.b3 Nd3 29.Rc4
Rxd5 30.Rxe4 a5 31.Re8+ Kh7 32.Bf3 Re5 33.Be4+ Rxe4 34.Rxe4 Be5 35.Kg2 Kg6
36.Rg4+ Kh7 37.h4 h5 38.Rg5 Kh6 39.Rd1 Nc5 40.Rxe5 dxe5 41.Rd5 {#r} 1-0

[Event "ch-PER 2017"]
[Site "masterchessopen.com Lima PER"]
[Date "2017.03.03"]
[Round "6.16"]
[White "Jose,G"]
[Black "Delgado Romero,Marco"]
[Result "0-1"]
[WhiteElo "1861"]
[BlackElo "2186"]

1.e4 c5 2.Nf3 g6 3.c3 Bg7 4.g3 d5 5.exd5 Qxd5 6.Bg2 Bg4 7.h3 Qe4+ 8.Qe2 Qxe2+
9.Kxe2 Bd7 10.d3 Bc6 11.Be3 Nd7 12.Nbd2 Ngf6 13.Nb3 b6 14.d4 cxd4 15.Nbxd4 Bb7
16.Rhd1 Nd5 17.Bg5 h6 18.Bc1 Ba6+ 19.Ke1 e6 20.Nh2 Rc8 21.Bxd5 exd5 22.f3 Ne5
23.Kf2 Nd3+ 24.Kg2 O-O 25.Ng4 Rfe8 26.Nf2 Ne1+ 27.Kh1 Bxd4 28.Rxd4 Nc2 29.Bxh6
Nxa1 {#R} 0-1

[Event "ch-PER 2017"]
[Site "masterchessopen.com Lima PER"]
[Date "2017.03.03"]
[Round "6.18"]
[White "Bedoya Rosales,L"]
[Black "Robledo,M"]
[Result "1-0"]
[WhiteElo "1815"]
[BlackElo "2173"]

1.e4 c5 2.Nf3 d6 3.d4 cxd4 4.Nxd4 Nf6 5.Nc3 a6 6.Bc4 e6 7.Bb3 Nbd7 8.f4 Nc5
9.O-O Qc7 10.Qf3 Be7 11.Be3 O-O 12.g4 b5 13.g5 Nfxe4 14.Nxe4 Bb7 15.Nxe6 fxe6
16.Bxc5 dxc5 17.Bxe6+ Kh8 18.g6 h6 19.Rae1 c4 20.Kh1 Rad8 21.Bh3 Rd2 22.Nxd2
Bxf3+ 23.Rxf3 Bh4 24.Re2 Qc6 25.Be6 Rd8 26.Bf7 Qb7 27.Kg2 Be7 28.Ne4 Bf8
29.Kg3 Rd1 30.Rfe3 Qc6 31.Kf2 Rd4 32.Kg3 Qc7 33.Kg4 b4 34.Rf2 a5 35.Ng5 Qd7+
36.Be6 h5+ 37.Kxh5 Qb5 38.Kg4 {#r} 1-0

[Event "ch-PER 2017"]
[Site "masterchessopen.com Lima PER"]
[Date "2017.03.03"]
[Round "6.19"]
[White "Fernandez Perez,J"]
[Black "Risco Alarcon,Julio"]
[Result "1-0"]
[WhiteElo "2160"]
[BlackElo "1961"]

1.e4 e6 2.d3 d5 3.Nd2 Nf6 4.Ngf3 Be7 5.g3 O-O 6.Bg2 b6 7.O-O Bb7 8.e5 Nfd7
9.Re1 Re8 10.Nf1 c5 11.h4 Nc6 12.c3 Rc8 13.Bh3 d4 14.c4 a6 15.Bf4 b5 16.b3 Nb4
17.N1h2 bxc4 18.bxc4 Bxf3 19.Nxf3 Rb8 20.Bg2 Qa5 21.a3 Nc6 22.Nh2 Rec8 23.Ng4
Rb2 24.Bc1 Rc2 25.Bg5 Bxg5 26.Qxc2 Bd2 27.Red1 Bc3 28.Bxc6 Rxc6 29.Rab1 Qxa3
30.Rb7 Nf8 31.Qe2 Qa5 32.Qf3 Rc7 33.Rb8 Ra7 34.Nh6+ {#r} 1-0

[Event "ch-PER 2017"]
[Site "masterchessopen.com Lima PER"]
[Date "2017.03.03"]
[Round "6.27"]
[White "Rojas,Steven"]
[Black "Hepler Ramirez,Narayana"]
[Result "1-0"]
[WhiteElo "2002"]
[BlackElo "1759"]

1.e4 c5 2.Nf3 d6 3.d4 cxd4 4.Nxd4 Nf6 5.f3 a6 6.c4 e6 7.Nc3 Be7 8.Be3 O-O
9.Be2 Qc7 10.O-O b6 11.Qd2 Bb7 12.Rac1 Nbd7 13.Rfd1 Rac8 14.Bf2 Rfe8 15.b3 Qb8
16.Nc2 Bd8 17.Bg3 Ne5 18.Qxd6 Bc7 19.Qd2 Nh5 20.f4 Nxg3 21.hxg3 Ng6 22.Bf3 Ne7
23.e5 Bxf3 24.gxf3 f6 25.exf6 gxf6 26.Ne4 Kf7 27.Qh2 Kg7 28.Nd4 {#r} 1-0

[Event "ch-PER 2017"]
[Site "masterchessopen.com Lima PER"]
[Date "2017.03.03"]
[Round "6.29"]
[White "Espinal Valles Alfredo Enmanuel"]
[Black "Tasayco,A"]
[Result "1-0"]
[WhiteElo "1636"]
[BlackElo "1879"]

1.e4 c5 2.d4 cxd4 3.c3 dxc3 4.Nxc3 Nc6 5.Nf3 d6 6.Bc4 Nf6 7.O-O e6 8.Qe2 Qc7
9.Rd1 a6 10.Bf4 Ne5 11.Bxe5 dxe5 12.Rac1 Bc5 13.b4 Bxf2+ 14.Kxf2 Qb6+ 15.Kf1
Ng4 16.Rd3 Qxb4 17.h3 O-O 18.hxg4 Qxc4 19.Nxe5 Qc7 20.Nf3 Qf4 21.Qd2 Qxg4
22.Rd8 g6 23.e5 Qc4+ 24.Kg1 Qc5+ 25.Kh1 Qe7 26.Rxf8+ Qxf8 27.Ne4 b5 28.Nf6+
Kg7 29.Rc7 h6 30.Ng4 Qh8 31.Qf4 {#r} 1-0

[Event "ch-PER 2017"]
[Site "masterchessopen.com Lima PER"]
[Date "2017.03.03"]
[Round "6.30"]
[White "Collado,Victor"]
[Black "Cutimbo Chavez,Jose Luis"]
[Result "1-0"]
[WhiteElo "1668"]
[BlackElo "1874"]

1.b3 e5 2.Bb2 d6 3.e3 Nf6 4.c4 g6 5.d3 Bg7 6.Nf3 O-O 7.Be2 Nbd7 8.O-O c6 9.Qc2
Re8 10.Nc3 a6 11.Rac1 b6 12.Rfd1 Bb7 13.Qb1 c5 14.Rd2 d5 15.cxd5 Nxd5 16.Nxd5
Bxd5 17.Qa1 Qe7 18.Rcd1 Rac8 19.h3 Bb7 20.Ne1 Qg5 21.Bf3 e4 22.Bxe4 Bxb2
23.Qxb2 Bxe4 24.dxe4 Nf6 25.Nf3 {#r} 1-0

[Event "ch-PER 2017"]
[Site "masterchessopen.com Lima PER"]
[Date "2017.03.03"]
[Round "6.31"]
[White "Perez,Sebastian"]
[Black "Zata Gonzales,Daniel"]
[Result "0-1"]
[WhiteElo "1510"]
[BlackElo "1850"]

1.d4 Nf6 2.c4 c5 3.d5 b5 4.cxb5 a6 5.bxa6 Bxa6 6.Nc3 g6 7.Nf3 d6 8.e4 Bxf1
9.Kxf1 Bg7 10.g3 O-O 11.Kg2 Nbd7 12.h3 Qa5 13.Qc2 Rfb8 14.Bd2 Ne8 15.Rab1 Nc7
16.a3 c4 17.Na2 Qb5 18.Bc3 Qb3 19.Nb4 Rxb4 20.Qd2 Bxc3 21.bxc3 Qxb1 22.Rxb1
Rxb1 23.Qa2 Rb3 24.Nd4 Raxa3 25.Qe2 Rxc3 26.Qg4 Nf6 27.Qc8+ Nce8 28.Nb5 Rab3
29.Nxc3 Rxc3 30.Qd8 Kf8 31.Qa5 Nxe4 32.Qa1 f5 33.g4 Rc2 34.Qh8+ Kf7 35.Qxh7+
Ng7 36.Kg1 Rxf2 37.gxf5 gxf5 38.Qh4 c3 39.Qh8 c2 40.Qc8 Rd2 41.Qa6 c1=Q+
42.Qf1 Rd1 43.Qxd1 Qxd1+ 44.Kh2 Qf3 45.h4 Nh5 46.Kg1 Qf2+ 47.Kh1 Neg3# 0-1

[Event "ch-PER 2017"]
[Site "masterchessopen.com Lima PER"]
[Date "2017.03.03"]
[Round "6.32"]
[White "Hasegawa Padillla,Isami Alex"]
[Black "Guerrero Malpartida,Luis Carlos"]
[Result "1-0"]
[WhiteElo "1829"]
[BlackElo "1689"]

1.d4 Nf6 2.Nf3 g6 3.c4 Bg7 4.Nc3 O-O 5.e3 d6 6.Be2 a5 7.O-O Na6 8.b3 Nd7 9.Bb2
e5 10.a3 Rb8 11.Qc2 c6 12.Rfd1 Qe7 13.Rab1 Re8 14.c5 dxc5 15.Bxa6 bxa6 16.d5
Nf8 17.h3 Qb7 18.Ba1 cxd5 19.Nxd5 Be6 20.e4 Nd7 21.Ng5 Bxd5 22.exd5 Qc7 23.Qc4
Qd6 24.Ne4 Qb6 25.Bc3 Rec8 26.a4 h6 27.Qd3 f5 28.Nd2 e4 29.Qc2 Bxc3 30.Qxc3
Qb4 31.Qg3 Nf8 32.Nc4 Rd8 33.Ne5 Rd6 34.Nc6 Rxc6 35.dxc6 Rc8 36.Rd6 Kg7
37.Qe5+ Kg8 38.Rd7 {#r} 1-0

[Event "ch-PER 2017"]
[Site "masterchessopen.com Lima PER"]
[Date "2017.03.03"]
[Round "6.33"]
[White "Palacios Llancari,Jose Wilfredo"]
[Black "Francia Arzapalo,Piero Hernando"]
[Result "1-0"]
[WhiteElo "1803"]
[BlackElo "1556"]

1.e4 c5 2.Nf3 e6 3.b3 Nf6 4.e5 Nd5 5.Bb2 Be7 6.Nc3 O-O 7.Ne4 Nc6 8.c4 Nf4 9.g3
Ng6 10.h4 Qc7 11.Bg2 Ngxe5 12.Nxe5 Nxe5 13.O-O f5 14.Nc3 a6 15.d4 cxd4 16.Qxd4
Nc6 17.Qd2 b6 18.Rad1 Bf6 19.Ba3 Rd8 20.Bd6 Qa7 21.g4 fxg4 22.Ne4 Be5 23.Qg5
Bxd6 24.Rxd6 h6 25.Qxg4 Rf8 26.Rfd1 b5 27.c5 Qc7 28.Kh1 Rf7 29.Rg1 Qd8 30.Rdd1
Qe7 31.Nd6 Rf8 32.Be4 Ra7 33.Rg2 Ne5 34.Qg3 Kh8 35.Qxe5 Rg8 36.Rdg1 Qf8 37.Rg6
{#r} 1-0

[Event "ch-PER 2017"]
[Site "masterchessopen.com Lima PER"]
[Date "2017.03.03"]
[Round "6.34"]
[White "Bernales,Oscar"]
[Black "Perez,Hernan"]
[Result "1-0"]
[WhiteElo "1780"]
[BlackElo "1542"]

1.c4 Nf6 2.Nc3 e6 3.e4 d5 4.cxd5 exd5 5.e5 Ne4 6.d4 Bb4 7.Bd2 Nxd2 8.Qxd2 Bxc3
9.bxc3 O-O 10.Bd3 b6 11.f4 Bb7 12.Nf3 Re8 13.O-O c5 14.f5 c4 15.Bc2 Nc6 16.f6
Qd7 {#r} 1-0

[Event "ch-PER 2017"]
[Site "masterchessopen.com Lima PER"]
[Date "2017.03.03"]
[Round "6.36"]
[White "Vega Pacheco,Harrizon Jhonny"]
[Black "Lopez Herrera,Piero"]
[Result "0-1"]
[WhiteElo "1558"]
[BlackElo "1752"]

1.e4 e6 2.Nf3 d5 3.exd5 exd5 4.Be2 Bd6 5.O-O Nf6 6.d4 h6 7.h3 O-O 8.Be3 Re8
9.Nbd2 Bf5 10.c4 c6 11.c5 Bc7 12.b4 Nbd7 13.Qb3 Ne4 14.Nxe4 Bxe4 15.a4 Rb8
16.b5 f5 17.Rfe1 Kh8 18.Bd2 g5 19.Nh2 f4 20.f3 Bh7 21.Ng4 h5 22.Nf2 Qf6 23.Nd3
Qxd4+ 24.Kh1 Qf6 25.Bc3 d4 26.Bb4 Re3 27.Qd1 Rbe8 28.Rc1 Bxd3 29.Bxd3 Ne5
30.Be4 Rxe1+ 31.Bxe1 Rd8 32.Bf2 d3 33.Be1 d2 34.Bxd2 Ba5 35.Rc2 Nc4 36.Rxc4
Rxd2 37.Qb3 Qa1+ {#R} 0-1

[Event "ch-PER 2017"]
[Site "masterchessopen.com Lima PER"]
[Date "2017.03.03"]
[Round "6.37"]
[White "Salazar Sanchez,Josue"]
[Black "Ochochoque Hernandez,Julio"]
[Result "0-1"]
[WhiteElo "1555"]
[BlackElo "1740"]

1.d4 d5 2.Nf3 Nf6 3.Bf4 g6 4.e3 Bg7 5.Bd3 c5 6.dxc5 Qa5+ 7.c3 Qxc5 8.Na3 a6
9.Qc2 Nc6 10.Ne5 Ne4 11.Bxe4 dxe4 12.Nxc6 Qxc6 13.O-O O-O 14.Qe2 Be6 15.Nc2
Bc4 16.Qd2 Bxf1 17.Rxf1 Rfd8 18.Qe2 Qb5 19.Qxb5 axb5 20.a3 Rd2 21.Rc1 Rad8
22.Kf1 Rd1+ 23.Rxd1 Rxd1+ 24.Ke2 Rb1 25.f3 Rxb2 26.Kd2 f5 27.Bg5 Kf7 28.Bh4
Ke8 29.fxe4 fxe4 30.Be1 Kd7 31.Kc1 Rb3 32.Na1 Rxa3 33.Kb2 b4 34.Nb3 b6 35.Nd4
Bxd4 36.exd4 e3 37.cxb4 Rd3 38.Bc3 e2 39.Kc2 Rxc3+ 40.Kd2 Rc2+ {#R} 0-1